000 02018nam0a22003251 4500
001 v19\rc\1575580
005 20260406165620.0
035 _a(NLR Aleph) 005237081
090 _a5665616
_c5665616
100 _a20061002d1893 |||y0rusy50 ca
101 0 _arus
_afre
102 _aRU
105 _ay b |||||
200 1 _aНаказ ее императорского величества Екатерины Вторые, самодержицы всероссийские, данный Комиссии о сочинении проекта Нового уложения
210 _aСанкт-Петербург
_cЛ.Ф. Пантелеев
_d1893
215 _a54, 201 с.
_d28
300 _aПарал. тит. л. на фр. яз. Текст "Наказа" парал. на рус. и фр. яз.
327 0 _aС. 5-53 первой паг.: Библиографические примечания к изданиям "Наказа" с 1767 по 1893 год / И.Г. Безгин
464 0 _12001#$aБиблиографические примечания к изданиям "Наказа" с 1767 по 1893 год$fИ.Г. Безгин
_1215##$aС. 5-53 первой паг.
_1700#1$3RU\NLR\AUTH\7755041$aБезгин$bИ.Г.$f1852-1907$gИлья Григорьевич
_tБиблиографические примечания к изданиям "Наказа" с 1767 по 1893 год
_aБезгин, Илья Григорьевич (1852-1907)
700 0 _8rus
_7ca
_aЕкатерина
_cимператрица российская
_dII
_f1729-1796
_3RU\NLR\AUTH\772098
_9112115
712 0 1 _aРоссия
_bКомиссия для составления проекта нового уложения
_3RU\NLR\AUTH\889936989
_9368765
801 0 _aRU
_bNLR
_c20061002
_gpsbo
801 0 _aRU
_bRuMoRGB
_c20061002
_2psbo
801 1 _aRU
_bProSoft-M
_c20061002
_2rusmarc
801 2 _aRU
_bNLR
_c20070817
_2rusmarc
852 _aNLR
_j18.140.3.72
852 _aNLR
_j52/653
942 _cBOOK
980 _aNB